00779nam a2200253 i 4500001000700000003000900007005001700016008004100033017002200074080001000096080001100106080000800117100003100125245009100156260003500247300002200282490003500304500001400339600003500353650001800388700001800406830003500424852006600459169800ES-MaACL20240125063154.0081128s1967 fr |||| | fre d a2e trimestre 1967 a222.1 a291.14 a2961 aFreud, Sigmund,d1856-193910aMoïse et le monothéisme / cSigmund Freud ; traduit de l'allemand par Anne Berman. a[Paris] : bGallimard, c1967. a186 p. ; c17 cm.1 aIdées ; v138. aPhilosophie aÍndice.04aMoisés (Personaje bíblico) 4aMonoteísmo.1 aBerman, Anne.0 aIdées ; v138. aPhilosophie4 aES-MaACLjE-12294 z. - Biblioteca Jacinto Martínez Lacalle